| 000 | 00971cam a22003138a 4500 | ||
|---|---|---|---|
| 001 | 697768661 | ||
| 003 | OCoLC | ||
| 005 | 20150408114026.0 | ||
| 008 | 110113s2012 nju bf 001 0 eng | ||
| 010 | _a2011001760 | ||
| 020 | _a9780132659024 | ||
| 035 |
_a(OCoLC)697768661 _z(OCoLC)690089835 |
||
| 040 |
_aDNLM/DLC _cDLC _dBTCTA _dYDXCP _dNLM |
||
| 042 | _apcc | ||
| 050 | 0 | 0 |
_aRT41 _b.K723 2011 |
| 060 | 1 | 0 | _aWY 49 |
| 082 | 0 | 0 |
_a610.73 _222 |
| 100 | 1 |
_aBerman, Audrey. _911292 |
|
| 245 | 1 | 0 |
_aSkills in clinical nursing / _cAudrey Berman, Shirlee Snyder. |
| 250 | _a7th ed. | ||
| 260 |
_aUpper Saddle River, NJ : _bPearson Prentice Hall, _cc2012. |
||
| 300 |
_axv, 895 p. : _bcol. ill. ; _c28 cm. |
||
| 504 | _aIncludes bibliographical references and index. | ||
| 650 | 0 |
_aNursing _vHandbooks, manuals, etc. |
|
| 650 | 1 | 2 |
_aNursing Care _vHandbooks. |
| 650 | 2 | 2 |
_aNursing Process _vHandbooks. _910191 |
| 700 | 1 |
_aSnyder, Shirlee. _911293 |
|
| 942 |
_2ddc _cBOOK |
||
| 999 |
_c22356 _d256856 |
||